Culture Générale - Série 2305 - Statistiques

Statistiques générales
  • Ce quiz a été pris 127 fois
  • Le résultat moyen est 6 sur 10
Statistiques - réponses
Question Réponse % Correct
De quel pays est originaire le koala ? Australie
95%
Quelle muse de la mythologie grecque a donné son nom à un modèle de voiture Renault ? Clio
76%
Quel pays a destitué sa Présidente Dilma Roussef le 31 août 2016 ? Brésil
71%
Quel écrivain et philosophe est l'auteur du "Contrat social" et de "Julie ou la Nouvelle Héloïse" ? prénom et nom Jean-Jacques Rousseau
67%
Quel pays a construit en 2015 un mur de barbelés pour contenir l'afflux de réfugiés et de migrants ? Hongrie
56%
De quel pays Nicolás Maduro est-il le Président de la République depuis 2013 ? Venezuela
54%
Ce nom désigne une ville portuaire de Caroline du Sud et une danse des années 1920. Charleston
48%
De quel mouvement littéraire Ronsard et du Bellay font-ils partie ? Pléiade
35%
Dans quelle région d'Italie se situent la ville et la province d'Asti ? Piémont
34%
Type de bateau à voile de 8 à 13 mètres de long du Nil, de la mer Rouge et de l'Est méditerranéen - voir photo felouque
28%
Aucun quiz correspondant
Distribution des résultats
% des personnes avec chaque résultat
Percentile par nombre de réponses
Votre historique - résultats
Vous n’avez pas pris ce quiz